Anatomy of a Painting - Statistics

General Stats
  • This quiz has been taken 7 times
  • The average score is 2 of 5
Answers on the Map
Answers color-coded by a green-red scale on the quiz's map according to % correct below.
 
Answer Stats
Answer % Correct
Ground
60%
Paint layer
60%
Support
20%
Varnish
20%
Underpainting
0%
No matching quizzes found
Score Distribution
Percent of People with Each Score
Percentile by Number Answered
Your Score History
You have not taken this quiz